| 000 | 00808nam a2200229 a 4500 | ||
|---|---|---|---|
| 999 |
_c10316 _d10316 |
||
| 001 | 10316 | ||
| 003 | BD-JhCC | ||
| 005 | 20221018134024.0 | ||
| 008 | 170423s19942015bg |||| ||a| 000 0 ben d | ||
| 020 | _a9788172153403 | ||
| 035 | _a(BD-JhCC)10316 | ||
| 040 |
_aBD-JhCC _dBD-JhCC |
||
| 041 | _aben | ||
| 082 |
_a891.4435 _bGAN 2003 |
||
| 100 | _aগঙ্গোপাধ্যায়, সুনীল | ||
| 245 |
_aকাকাবাবু সমগ্র ৩ / _cসুনীল গঙ্গোপাধ্যায়, |
||
| 260 |
_aকলকাতা : _bআনন্দ পাবলিশার্স প্রাইভেট লিমিটেড, _c২০১৫. |
||
| 300 |
_a৪৪৬ পৃ. : _c22 cm. |
||
| 650 | _aAdventure Fiction | ||
| 942 |
_2ddc _cBK _027 |
||